000
00336nam a2200157Ia 4500
100
_a
Kumbhojkar / G.V
490
_v
III
942
_c
BK
654
_a
mathematics
245
_a
Engineering mathematics -III
260
_b
C Jamnadas & Co
_a
New york
_c
1997
082
_a
519
_b
KUM
300
_a
564
546
_a
ENGLISH
999
_c
20952
_d
20952